000 01007cam a2200349 4500
001 ABS61507
008 000000n1999 000 0 eng u
035 _a(Sirsi) u102240
245 _aFocus '99: City of London, Fringes and Docklands
260 _c1999
490 _aEstates Gazette
_v(9945) 13 November 1999, 109-151(27)
590 _aABS
650 _aCITY OF LONDON
650 _aDOCKLANDS
650 _aCITY FRINGES
650 _aLONDON MAYOR
650 _aPLANNING ISSUES
650 _aRATING REVALUATION
650 _aBUSINESS RATES
650 _aOFFICE SPACE
650 _aOFFICE DEVELOPMENT
650 _aINVESTMENT MARKET
650 _aSECONDHAND SPACE
650 _aPROPERTY-COMMERCIAL PROPERTY-RETAIL PROPERTY-RETAIL PROPERTY MARKET
650 _aLEISURE MARKET
650 _aRENTS
650 _aE-COMMERCE
650 _aRESIDENTIAL PROPERTY
_96266
650 _aCANARY WHARF
690 _aPROPERTY-COMMERCIAL PROPERTY-COMMERCIAL PROPERTY MARKET
942 _n0
999 _c61278
_d61278